Japanese studies in Canada: the 1990s (Record no. 2399)

MARC details
000 -LEADER
fixed length control field 00367nam a2200133Ia 4500
020 ## - INTERNATIONAL STANDARD BOOK NUMBER
ISBN 0-924304-35-9
082 ## - DEWEY DECIMAL CLASSIFICATION NUMBER
Classification number 952.007071 JAP;
245 #0 - TITLE STATEMENT
Title Japanese studies in Canada: the 1990s
260 ## - PUBLICATION, DISTRIBUTION, ETC. (IMPRINT)
Place of publication Tokyo
Name of publisher Japan Foundation
Year of publication 1995
300 ## - PHYSICAL DESCRIPTION
Number of Pages xiii, 213p.
440 ## - SERIES STATEMENT/ADDED ENTRY--TITLE
Title Japanese studies series; 25
650 ## - SUBJECT ADDED ENTRY--TOPICAL TERM
Topical Term Japan - Study and teaching - Canada - (1990)
942 ## - ADDED ENTRY ELEMENTS (KOHA)
Koha item type Books
Holdings
Withdrawn status Lost status Damaged status Not for loan Home library Current library Date acquired Bill Date Full call number Accession Number Price effective from Koha item type
        NASSDOC Library NASSDOC Library 08/06/2004 2004-10-05 952.007071 JAP; 37335 18/04/2019 Books